000
00305nam a2200109Ia 4500
008
200302s9999 xx 000 0 und d
100
_a
Richard McDaniel
245
_a
The Drawing Book Materials and Techniques for Today's Artist
260
_b
Watson Guptill Publications
260
_c
1995
300
_a
175 P.,
999
_c
2033
_d
2033